El santuario de San Miguel de Excelsis (Navarra) y su retablo esmaltado (Record no. 7909)

MARC details
000 -CABECERA
campo de control de longitud fija 01032nam a2200277 a 4500
001 - NÚMERO DE CONTROL
campo de control BRCA_8241
005 - FECHA Y HORA DE LA ÚLTIMA TRANSACCIÓN
campo de control 20190320210206.0
008 - DATOS DE LONGITUD FIJA--INFORMACIÓN GENERAL
campo de control de longitud fija 260514s1929----sp-a###f##---#001-0#spa-#
041 ## - CÓDIGO DE LENGUA
Código de lengua del texto/banda sonora o título independiente spa
044 ## - CÓDIGO DEL PAÍS DE LA ENTIDAD EDITORA/PRODUCTORA
Código MARC del país sp
050 #4 - SIGNATURA TOPOGRÁFICA DE LA BIBLIOTECA DEL CONGRESO
Número de clasificación N5811
Número de documento/Ítem .H8 1929
100 1# - ENTRADA PRINCIPAL--NOMBRE DE PERSONA
Nombre de persona Huici, S.
9 (RLIN) 20550
245 10 - MENCIÓN DE TÍTULO
Título El santuario de San Miguel de Excelsis (Navarra) y su retablo esmaltado
Resto del título estudio comparativo entre los esmaltes de San Miguel y los más importantes que existen en España y en el extranjero
Mención de responsabilidad, etc. S. Huisti y V. Juaristi.
260 ## - PUBLICACIÓN, DISTRIBUCIÓN, ETC.
Lugar de publicación, distribución, etc. Madrid
Nombre del editor, distribuidor, etc. Espasa-Calpe
Fecha de publicación, distribución, etc. 1929
300 ## - DESCRIPCIÓN FÍSICA
Extensión 181 p.
Otras características físicas il., 98 láminas
Dimensiones 38 cm.
500 ## - NOTA GENERAL
Nota general T67
600 14 - PUNTO DE ACCESO ADICIONAL DE MATERIA--NOMBRE DE PERSONA
Nombre de persona Miguel, San
Títulos y otros términos asociados al nombre Arcángel
9 (RLIN) 20551
610 24 - PUNTO DE ACCESO ADICIONAL DE MATERIA--NOMBRE DE ENTIDAD CORPORATIVA
Nombre de entidad corporativa o nombre de jurisdicción como elemento de entrada Iglesia de Excelsis
Subdivisión cronológica 1032-
Subdivisión geográfica Navarra, España
9 (RLIN) 20552
650 14 - PUNTO DE ACCESO ADICIONAL DE MATERIA--TÉRMINO DE MATERIA
Término de materia o nombre geográfico como elemento de entrada Retablos
Subdivisión cronológica Siglo XII
Subdivisión geográfica Navarra, España
9 (RLIN) 20553
650 14 - PUNTO DE ACCESO ADICIONAL DE MATERIA--TÉRMINO DE MATERIA
Término de materia o nombre geográfico como elemento de entrada Retablos
Subdivisión de forma Estudio y comparación
9 (RLIN) 20554
650 14 - PUNTO DE ACCESO ADICIONAL DE MATERIA--TÉRMINO DE MATERIA
Término de materia o nombre geográfico como elemento de entrada Arte románico
Subdivisión geográfica Navarra, España
9 (RLIN) 20555
650 14 - PUNTO DE ACCESO ADICIONAL DE MATERIA--TÉRMINO DE MATERIA
Término de materia o nombre geográfico como elemento de entrada Arte sacro
Subdivisión geográfica Navarra, España
9 (RLIN) 20556
700 1# - PUNTO DE ACCESO ADICIONAL--NOMBRE DE PERSONA
Nombre de persona Juaristi, V.
Término indicativo de función/relación coaut.
9 (RLIN) 20557
902 ## - CATALOGADOR
Iniciales GFM
942 ## - ELEMENTOS DE PUNTO DE ACCESO ADICIONAL (KOHA)
Fuente del sistema de clasificación o colocación Library of Congress Classification
Tipo de ítem Koha Libros
Holdings
Estado de retiro Estado de pérdida Estado dañado No para préstamo Localización permanente Ubicación/localización actual Fecha de adquisición Número de inventario Total de préstamos Signatura topográfica completa Código de barras Fecha visto por última vez Precio válido a partir de Tipo de ítem Koha
El ejemplar forma parte de la colección y puede ser consultado según las políticas vigentes.       Biblioteca del Museo Franz Mayer (Rogerio Casas-Alatriste) Biblioteca del Museo Franz Mayer (Rogerio Casas-Alatriste) 26/05/2014 T67   N5811 .H8 1929 (T67) 8865 22/03/2019 22/03/2019 Libros